Saltar ao contenido

Организация воспитательной и психологической службы в УИС Учебное пособие

Практикум предназначен для слушателей образовательных учреждений ФСИН России обучающихся по специальности 44.05.01 - Педагогика и психология девиантного поведения. Материалы включенные в данное издание отражают основные аспекты изучаемой учебной дисциплины и помогают сформировать общеобразовательные...

Descrición completa

Gardado en:
Detalles Bibliográficos
Autor Principal: Мазеина О.Н
Formato: Учебное пособие
Acceso en liña:https://znanium.com/catalog/document?id=353251
https://znanium.com/cover/1080/1080577.jpg
Метки: Engadir etiqueta
Sen Etiquetas, Sexa o primeiro en etiquetar este rexistro!
LEADER 02262nam0a2200325 i 4500
001 RU\infra-m\znanium\bibl\1080577
003 https://znanium.com/catalog/document?id=353251
005 20191216000000.0
100 |a 20191216d2019 m y0rusy0150 ca 
101 0 |a rus 
102 |a RU 
200 1 |a Организация воспитательной и психологической службы в УИС  |e Учебное пособие  |f Кузбасский институт Федеральной службы исполнения наказаний 
210 1 |a Новокузнецк  |c ФКОУ ВПО Кузбасский институт ФСИН России  |d 2017 
215 |a 36 с. 
330 |a Практикум предназначен для слушателей образовательных учреждений ФСИН России обучающихся по специальности 44.05.01 - Педагогика и психология девиантного поведения. Материалы включенные в данное издание отражают основные аспекты изучаемой учебной дисциплины и помогают сформировать общеобразовательные и специальные компетенции. 
333 |a ВО - Специалитет 
606 |a Психология  |x Психология социальных групп  |2 local 
608 |a Учебное пособие  |2 local 
675 |a 15  |z rus 
675 |a 343  |z rus 
675 |a 370  |z rus 
686 |a 67409  |2 rubbk 
686 |a 746  |2 rubbk 
686 |a 883  |2 rubbk 
686 |a 40.05.02  |2 okso 
686 |a 44.05.01  |2 okso 
700 1 |a Мазеина  |b О.Н.  |g Ольга Николаевна  |p Кузбасский институт Федеральной службы исполнения наказаний 
801 0 |a RU  |b Общество с ограниченной ответственностью «ЗНАНИУМ»  |c 20191214  |2 rusmarc 
856 4 |a znanium.com  |m ebs_support@infra-m.ru  |n НИЦ ИНФРА-М  |u https://znanium.com/catalog/document?id=353251 
856 4 1 |a znanium.com  |d /cover/1080  |f 1080577.jpg  |q image/jpeg  |u https://znanium.com/cover/1080/1080577.jpg